| 000 | 01361nam a22003497a 4500 | ||
|---|---|---|---|
| 003 | CHAP | ||
| 005 | 20220329143127.0 | ||
| 008 | 060602d2006 mx r 00110 spa d | ||
| 010 | _a92336 | ||
| 011 | _a93308 | ||
| 035 | _a103880 | ||
| 040 | _cCHAP | ||
| 090 | _aTesis | ||
| 100 | 1 |
_aRamírez Tobías, Hugo Magdaleno. _994300 |
|
| 245 | 1 | 0 |
_aProductividad primaria y calidad nutrimental de nopal (Opuntia SPP. y Nopales SP.) en condiciones intensivas _c/por Hugo Magdaleno Ramírez Tobías |
| 260 |
_aSan Luis Potosí, S. L. P. : _bEl autor, _c2006. |
||
| 300 | _a70 h. | ||
| 502 | _aTesis (M. C. en Ciencias Ambientales) - - Universidad Autónoma de San Luis Potosí. Facultades de Ciencias Químicas, Ingeniería y Medicina. Programa Multidisciplinario de Posgrado en Ciencias Ambientales | ||
| 590 |
_aALEPH _b10 _c20130110 _lUCH01 _h1512 |
||
| 590 |
_aBATCH-UPD _b10 _c20130110 _lUCH01 _h0834 |
||
| 590 |
_aBATCH-UPD _b10 _c20130410 _lUCH01 _h0513 |
||
| 590 |
_aBATCH-UPD _b10 _c20130914 _lUCH01 _h1130 |
||
| 590 |
_aCONVERSION _b10 _c20130109 _lUCH01 _h1351 |
||
| 650 | 1 | 4 |
_aCultivos en invernadero. _930376 |
| 650 | 1 | 4 |
_aHidroponía. _955280 |
| 650 | 1 | 4 |
_aNopal _xRendimiento. _981695 |
| 650 | 1 | 4 |
_aNopal _xValor nutritivo. _981702 |
| 901 | _aBK | ||
| 905 | _aLilia | ||
| 942 | _cTESIS | ||
| 949 |
_aTesis _bBC _cTES _d33724002002892 _eTS1 _h45482 _i103880 _sb |
||
| 999 |
_c92336 _d92336 |
||